| 000 | 00533nam a2200193Ia 4500 | ||
|---|---|---|---|
| 005 | 20250508154012.0 | ||
| 008 | 008 250505s9999 xx 000 0 eng d | ||
| 037 | _aTextBook | ||
| 040 |
_aFEDL _beng _cFEDL |
||
| 041 |
_aeng _2eng |
||
| 084 |
_a371.95, GAL _qFEDL |
||
| 100 |
_aGallag James J _9764833 |
||
| 245 | 0 | _aTeaching the gifted child | |
| 260 |
_aBoston, USA _bAllyn and Bacon _c1964 |
||
| 300 | _axi,330p | ||
| 650 |
_aGifted students _9762770 |
||
| 942 |
_cTB _h371.95, GAL |
||
| 999 |
_c1346958 _d1346958 |
||